Újabb korszerűsítés indul az SZTE Gyermekklinikán SBO-t és nappali kórházi részleget alakítanak ki /

Elmentve itt :
Bibliográfiai részletek
Szerző: Fülöp Tímea
További közreműködők: Kovács-Jerney Ádám
Dokumentumtípus: Cikk
Megjelent: 2025-09-05
Sorozat:SZTE Info
Kulcsszavak:Szent-Györgyi Albert Klinikai Központ - SZAKK, Gyermekgyógyászati Klinika és Gyermekegészségügyi Központ, Beruházás, Fejlesztés - infrastrukturális - műtők - sürgősségi betegellátó osztály (SBO) - nappali kórház, Betegellátás - gyermekgyógyászat - gyermeksebészet - gyermeksürgősségi ellátás, Dél-alföldi régió, Jancsó László - klasztermenedzser, SZTE Stratégiai és Fejlesztési Főigazgatóság - Klasztermenedzsment Egység, Bereczki Csaba - tanszékvezető egyetemi docens, Gyermek- és Ifjúságpszichiátriai Osztály, Sipos-Kovács Mónika - projektmenedzser, SZTE Projektmenedzsment Igazgatóság - Projektvégrehajtási Iroda
Online Access:http://univ.bibl.u-szeged.hu/75263
LEADER 01521nab a2200181 i 4500
001 univ75263
005 20250910102448.0
008 250908s2025 hu o 000 hun d
040 |a SZTE UnivHistória Repozitórium  |b hun 
041 |a hun 
100 1 |a Fülöp Tímea 
245 1 0 |a Újabb korszerűsítés indul az SZTE Gyermekklinikán   |h [elektronikus dokumentum] :  |b SBO-t és nappali kórházi részleget alakítanak ki /  |c  Fülöp Tímea 
260 |c 2025-09-05 
490 0 |a SZTE Info 
561 |a Egyetemi hirarchívum 
695 |a Szent-Györgyi Albert Klinikai Központ - SZAKK, Gyermekgyógyászati Klinika és Gyermekegészségügyi Központ, Beruházás, Fejlesztés - infrastrukturális - műtők - sürgősségi betegellátó osztály (SBO) - nappali kórház, Betegellátás - gyermekgyógyászat - gyermeksebészet - gyermeksürgősségi ellátás, Dél-alföldi régió, Jancsó László - klasztermenedzser, SZTE Stratégiai és Fejlesztési Főigazgatóság - Klasztermenedzsment Egység, Bereczki Csaba - tanszékvezető egyetemi docens, Gyermek- és Ifjúságpszichiátriai Osztály, Sipos-Kovács Mónika - projektmenedzser, SZTE Projektmenedzsment Igazgatóság - Projektvégrehajtási Iroda 
700 0 2 |a Kovács-Jerney Ádám 
856 4 0 |u http://univ.bibl.u-szeged.hu/75263/1/Szegedi%20Tudom%C3%A1nyegyetem%20_%20%C3%9Ajabb%20korszer%C5%B1s%C3%ADt%C3%A9s%20indul%20az%20SZTE%20Gyermekklinik%C3%A1n_%20SBO-t%20%C3%A9s%20nappali%20k%C3%B3rh%C3%A1zi%20r%C3%A9szleget%20alak%C3%ADtanak%20ki.pdf  |z Dokumentum-elérés